书目信息 |
| 题名: |
全国计算机等级考试考纲·考点·考题透解与模拟
|
|
| 作者: | ;全国计算机等级考试新大纲研究组 编著 | |
| 分册: | 二级Visual FoxPro | |
| 出版信息: | 北京 清华大学出版社 2009.01 |
|
| 页数: | 12,199页 | |
| 开本: | 26cm | |
| 丛书名: | ||
| 单 册: | ||
| 中图分类: | TP3 , TP311.138FO | |
| 科图分类: | ||
| 主题词: | 电子计算机--考核--自学参考资料 , 关系数据库--数据库管理系统--考核--自学参考资料 , 电子计算机 , 关系数据库 , 数据库管理系统 | |
| 电子资源: | ||
| ISBN: | 978-7-302-19198-8 | |
| 000 | 01221nam0 2200313 450 | |
| 001 | 012004200977 | |
| 005 | 20100325094305.01 | |
| 010 | @a978-7-302-19198-8@dCNY29.80(含光盘) | |
| 100 | @a20080314d2009 em y0chiy0110 ea | |
| 101 | 0 | @achi |
| 102 | @aCN@b110000 | |
| 105 | @ay q 000yy | |
| 106 | @ar | |
| 200 | 1 | @a全国计算机等级考试考纲·考点·考题透解与模拟@9quan guo ji suan ji deng ji kao shi kao gang· kao dian· kao ti tou jie yu mo ni@e2009版@i二级Visual FoxPro@f全国计算机等级考试新大纲研究组编著 |
| 210 | @a北京@c清华大学出版社@d2009.01 | |
| 215 | @a12,199页@d26cm@e1光盘 | |
| 307 | @a附光盘:ISBN 978-7-89474-334-3 | |
| 330 | @a本书内容包括:Visual FoxPro基础;Visual FoxPro系统初步;数据与数据运算;Visual FoxPro数据库及其操作;关系数据库标准语言SQL等。 | |
| 606 | 0 | @a电子计算机@x考核@j自学参考资料 |
| 606 | 0 | @a关系数据库@x数据库管理系统@x考核@j自学参考资料 |
| 606 | 0 | @a电子计算机 |
| 606 | 0 | @a关系数据库 |
| 606 | 0 | @a数据库管理系统 |
| 610 | 0 | @aFoxPro |
| 690 | @aTP3@v4 | |
| 690 | @aTP311.138FO@v4 | |
| 711 | 02 | @a全国计算机等级考试新大纲研究组@9quan guo ji suan ji deng ji kao shi xin da gang yan jiu zu@4编著 |
| 801 | 0 | @aCN@bNLC@c20100325 |
| 905 | @b799039-49@dTP3@e539@f11 | |
| 全国计算机等级考试考纲·考点·考题透解与模拟:2009版.二级Visual FoxPro/全国计算机等级考试新大纲研究组编著.-北京:清华大学出版社,2009.01 |
| 12,199页;26cm+1光盘 |
| ISBN 978-7-302-19198-8:CNY29.80(含光盘) |
| 本书内容包括:Visual FoxPro基础;Visual FoxPro系统初步;数据与数据运算;Visual FoxPro数据库及其操作;关系数据库标准语言SQL等。 |
| ● |
| 相关链接 |
|
|
|
|
正题名:全国计算机等级考试考纲·考点·考题透解与模拟
索取号:TP3/539
 
预约/预借
| 序号 | 登录号 | 条形码 | 馆藏地/架位号 | 状态 | 备注 |
| 1 | 799039 | 207990398 | 第二样本阅览室/ [索取号:TP3/539] | 在馆 | |
| 2 | 799040 | 207990405 | 第三借阅区/ [索取号:TP3/539] | 在馆 | |
| 3 | 799041 | 207990414 | 第三借阅区/ [索取号:TP3/539] | 在馆 | |
| 4 | 799042 | 207990423 | 第三借阅区/ [索取号:TP3/539] | 在馆 | |
| 5 | 799043 | 207990432 | 第三借阅区/ [索取号:TP3/539] | 在馆 | |
| 6 | 799044 | 207990441 | 第三借阅区/ [索取号:TP3/539] | 在馆 | |
| 7 | 799045 | 207990450 | 第三借阅区/ [索取号:TP3/539] | 在馆 | |
| 8 | 799046 | 207990469 | 第三借阅区/ [索取号:TP3/539] | 在馆 | |
| 9 | 799047 | 207990478 | 第三借阅区/ [索取号:TP3/539] | 在馆 | |
| 10 | 799048 | 207990487 | 第三借阅区/ [索取号:TP3/539] | 在馆 | |
| 11 | 799049 | 207990496 | 第三借阅区/ [索取号:TP3/539] | 在馆 |